| 000 | 00356 a2200157 4500 | ||
|---|---|---|---|
| 001 | 48086 | ||
| 020 | _a9788546902705 | ||
| 040 | _cAnchieta - Aquarius | ||
| 100 | _aRubio, Cristina Sitja | ||
| 240 | 1 | 0 |
_aEstranhas criaturas _lpor |
| 245 | 1 | 0 | _aEstranhas criaturas |
| 300 | _a41 | ||
| 362 | 0 | _a2019 | |
| 650 | 4 | _aLiteratura infanto-juvenil | |
| 942 | _cBK | ||
| 999 |
_c48086 _d48086 |
||